Sports Quiz

Random Sports or MLB Quiz

All-Time Reds Quiz Stats

 Plays Quiz not verified by Sporcle

Support Sporcle.
Go Orange.
Score 0/8 Timer 05:00
0 Plays Today
Position Player % Correct
CatcherJohnny Bench
99.3%
ShortstopDave Concepcion
83.7%
Left FieldAdam Dunn
76.8%
First BaseTed Kluszewski
48.1%
Center FieldVada Pinson
39.1%
Second BaseBid McPhee
28.4%
Right FieldIval Goodman
6.2%
Third BaseHick Carpenter
3%

You're not logged in!

Compare scores with friends on all Sporcle quizzes.
OR
Log In

From the Vault

Country Triplets

by GerryBaboona

We have the overwhelming urge to dress these countries up in the same cute outfits.
Remove Ads.
Support Sporcle.
Get the best of Sporcle when you Go Orange. This ad-free experience offers more features, more stats, and more fun while also helping to support Sporcle. Thank you for becoming a member.

Show Comments

Extras

Top Quizzes Today


Score Distribution

Your Account Isn't Verified!

In order to create a playlist on Sporcle, you need to verify the email address you used during registration. Go to your Sporcle Settings to finish the process.

Report this User

Report this user for behavior that violates our Community Guidelines.

Details: